|
|
|
|
| LEADER |
00000nam0a2200000 4500 |
| 001 |
373736 |
| 005 |
20231102012607.0 |
| 010 |
|
|
|b 1000 экз.
|
| 035 |
|
|
|a (RuTPU)RU\TPU\retro\31166
|
| 035 |
|
|
|a RU\TPU\book\306611
|
| 090 |
|
|
|a 373736
|
| 100 |
|
|
|a 20221216d1928 k y0rusy50 ca
|
| 101 |
0 |
|
|a rus
|
| 102 |
|
|
|a RU
|
| 105 |
|
|
|a a z 001zy
|
| 200 |
1 |
|
|a К теории механической тяги прямого действия
|f И. Н. Бутаков, В. Н. Березнеговская
|
| 210 |
|
|
|a Москва
|c Издание "Вестника Металлопромышленности"
|d 1928
|
| 215 |
|
|
|a 14 с.
|c ил.
|
| 316 |
|
|
|5 63413507: ШкА/5100
|a На титульном листе дарственная надпись: "В библиотеку СТИ от автора. 3-XII-28. г. Томск"
|
| 317 |
|
|
|5 63413507: М-133530
|a Поступила в НТБ в 1970 г. в составе книжного собрания профессора ТПИ И. Н. Бутакова
|
| 317 |
|
|
|5 63413507: М-133788
|a Поступила в НТБ в 1970 г. в составе книжного собрания профессора ТПИ И. Н. Бутакова
|
| 317 |
|
|
|5 63413507: КР-5665
|a Поступила в НТБ в 1970 г. в составе книжного собрания профессора ТПИ И. Н. Бутакова
|
| 320 |
|
|
|a Библиогр.: с. 14
|
| 606 |
1 |
|
|a Механика техническая
|2 stltpush
|3 (RuTPU)RU\TPU\subj\43587
|9 63070
|
| 610 |
1 |
|
|a механика
|
| 610 |
1 |
|
|a механическая сила
|
| 610 |
1 |
|
|a тяговые механизмы
|
| 610 |
1 |
|
|a труды учёных ТПУ
|
| 610 |
1 |
|
|a дарственная надпись
|
| 610 |
1 |
|
|a дары автора
|
| 610 |
1 |
|
|a дары библиотеке
|
| 610 |
1 |
|
|a библиотека И. Н. Бутакова
|
| 610 |
1 |
|
|a коллекция ТПУ
|
| 675 |
|
|
|a 621.01:531
|v 3
|
| 700 |
|
1 |
|a Бутаков
|b И. Н.
|c ученый-теплотехник
|c профессор Томского политехнического института
|f 1881-1970
|g Иннокентий Николаевич
|x TPU
|2 stltpush
|3 (RuTPU)RU\TPU\pers\18396
|
| 701 |
|
1 |
|a Березнеговская
|b В. Н.
|
| 801 |
|
1 |
|a RU
|b 63413507
|c 20150202
|
| 801 |
|
2 |
|a RU
|b 63413507
|c 20221216
|g RCR
|
| 942 |
|
|
|c BK
|